<?xml version="1.0" encoding="UTF-8"?>
<record
    xmlns:xsi="http://www.w3.org/2001/XMLSchema-instance"
    xsi:schemaLocation="http://www.loc.gov/MARC21/slim http://www.loc.gov/standards/marcxml/schema/MARC21slim.xsd"
    xmlns="http://www.loc.gov/MARC21/slim">

  <leader>02027nam a2200313 a 4500</leader>
  <controlfield tag="001">000046032</controlfield>
  <controlfield tag="005">20201002052608.0</controlfield>
  <controlfield tag="008">150612s2005    dr            000 j spa d</controlfield>
  <datafield tag="020" ind1=" " ind2=" ">
    <subfield code="a">9993491276</subfield>
  </datafield>
  <datafield tag="040" ind1=" " ind2=" ">
    <subfield code="a">DO-SdBNP</subfield>
    <subfield code="b">spa</subfield>
    <subfield code="c">BNPHU</subfield>
  </datafield>
  <datafield tag="082" ind1=" " ind2=" ">
    <subfield code="a">xxxx</subfield>
    <subfield code="b">xxxx</subfield>
  </datafield>
  <datafield tag="111" ind1="1" ind2=" ">
    <subfield code="a">Premio Internacional de Cuento</subfield>
    <subfield code="d">(2005 :</subfield>
    <subfield code="c">Santo Domingo, Rep&#xFA;blica Dominicana)</subfield>
    <subfield code="9">74099</subfield>
  </datafield>
  <datafield tag="245" ind1="1" ind2="0">
    <subfield code="a">Tifoidea y otros cuentos /</subfield>
    <subfield code="c">Premio Internacional de Cuento 2005 ; edici&#xF3;n Vivian Lechuga.</subfield>
  </datafield>
  <datafield tag="246" ind1="1" ind2="0">
    <subfield code="a">Tifoidea</subfield>
  </datafield>
  <datafield tag="260" ind1=" " ind2=" ">
    <subfield code="a">Santo Domingo :</subfield>
    <subfield code="b">Casa de Teatro,</subfield>
    <subfield code="b">Amiga del Hogar,</subfield>
    <subfield code="c">2005.</subfield>
  </datafield>
  <datafield tag="300" ind1=" " ind2=" ">
    <subfield code="a">129 p. ;</subfield>
    <subfield code="c">21 cm.</subfield>
  </datafield>
  <datafield tag="505" ind1="0" ind2=" ">
    <subfield code="g">Primer premio :</subfield>
    <subfield code="t">Tifoidea /</subfield>
    <subfield code="r">Mar&#xED;a Victoria Albornoz V&#xE1;zquez (Colombia) --</subfield>
    <subfield code="g">Segundo premio :</subfield>
    <subfield code="t">A pesar de la lluvia /</subfield>
    <subfield code="r">In&#xE9;s Mendoza A&#xF1;ez (Espa&#xF1;a) --</subfield>
    <subfield code="g">Tercer premio :</subfield>
    <subfield code="t">El Color del "tsunami" /</subfield>
    <subfield code="r">Pilar Merino Mart&#xED;nez (Espana) --</subfield>
    <subfield code="g">Primera menci&#xF3;n :</subfield>
    <subfield code="t">Interior con fotograf&#xED;a /</subfield>
    <subfield code="r">Germ&#xE1;n Gaviria &#xC1;lvarez (Colombia) --</subfield>
    <subfield code="g">Segunda menci&#xF3;n :</subfield>
    <subfield code="t">Cr&#xF3;nicas de buenas familias /</subfield>
    <subfield code="r">Leo Silverio (Rep&#xFA;blica Dominicana) --</subfield>
    <subfield code="g">Tercera menci&#xF3;n :</subfield>
    <subfield code="t">Sue&#xF1;o americano uno /</subfield>
    <subfield code="r">Eduardo Lantigua (Rep&#xFA;blica Dominicana) --</subfield>
    <subfield code="g">Cuarta menci&#xF3;n :</subfield>
    <subfield code="t">El pasado /</subfield>
    <subfield code="r">Ignacio del Valle Rodr&#xED;guez (Espa&#xF1;a) --</subfield>
    <subfield code="g">Quinta menci&#xF3;n :</subfield>
    <subfield code="t">La Sombra del tigre /</subfield>
    <subfield code="r">Miguel Terry Valdespino (Cuba) --</subfield>
    <subfield code="g">Sexta Menci&#xF3;n :</subfield>
    <subfield code="t">Safari /</subfield>
    <subfield code="r">Mario D&#xE1;valos Perdomo (Rep&#xFA;blica Dominicana).</subfield>
  </datafield>
  <datafield tag="586" ind1=" " ind2=" ">
    <subfield code="a">Premio Internacional de Cuento 2005</subfield>
  </datafield>
  <datafield tag="700" ind1="1" ind2="2">
    <subfield code="a">Lechuga, Vivian,</subfield>
    <subfield code="e">ed.</subfield>
    <subfield code="9">10977</subfield>
  </datafield>
  <datafield tag="700" ind1="1" ind2="2">
    <subfield code="a">Albornoz V&#xE1;zquez, Mar&#xED;a Victoria</subfield>
    <subfield code="t">Tifoidea</subfield>
    <subfield code="9">74100</subfield>
  </datafield>
  <datafield tag="700" ind1="1" ind2="2">
    <subfield code="a">Mendoza A&#xF1;ez, In&#xE9;s</subfield>
    <subfield code="t">A pesar de la lluvia</subfield>
    <subfield code="9">74101</subfield>
  </datafield>
  <datafield tag="700" ind1="1" ind2="2">
    <subfield code="a">Merino Mart&#xED;nez, Pilar</subfield>
    <subfield code="t">Color del "tsunami"</subfield>
    <subfield code="9">74102</subfield>
  </datafield>
  <datafield tag="700" ind1="1" ind2="2">
    <subfield code="a">Gaviria &#xC1;lvarez, Germ&#xE1;n</subfield>
    <subfield code="t">Interior con fotograf&#xED;a</subfield>
    <subfield code="9">74103</subfield>
  </datafield>
  <datafield tag="700" ind1="1" ind2="2">
    <subfield code="a">Silverio, Leo</subfield>
    <subfield code="t">Cr&#xF3;nicas de buenas familias</subfield>
    <subfield code="9">74104</subfield>
  </datafield>
  <datafield tag="700" ind1="1" ind2="2">
    <subfield code="a">Lantigua, Eduardo</subfield>
    <subfield code="t">Sue&#xF1;o americano uno</subfield>
    <subfield code="9">74105</subfield>
  </datafield>
  <datafield tag="700" ind1="1" ind2="2">
    <subfield code="a">Valle Rodr&#xED;guez, Ignacio del</subfield>
    <subfield code="t">El pasado</subfield>
    <subfield code="9">74106</subfield>
  </datafield>
  <datafield tag="700" ind1="1" ind2="2">
    <subfield code="a">Valdespino, Miguel Terry</subfield>
    <subfield code="t">Sombra del tigre</subfield>
    <subfield code="9">74107</subfield>
  </datafield>
  <datafield tag="700" ind1="1" ind2="2">
    <subfield code="a">D&#xE1;valos Perdomo, Mario</subfield>
    <subfield code="t">Safari</subfield>
    <subfield code="9">74108</subfield>
  </datafield>
  <datafield tag="952" ind1=" " ind2=" ">
    <subfield code="0">0</subfield>
    <subfield code="1">0</subfield>
    <subfield code="7">1</subfield>
    <subfield code="8">PD</subfield>
    <subfield code="a">PD</subfield>
    <subfield code="b">PD</subfield>
    <subfield code="c">CT</subfield>
    <subfield code="d">2015-06-12</subfield>
    <subfield code="i">LF1</subfield>
    <subfield code="l">0</subfield>
    <subfield code="o">xxxx xxxx</subfield>
    <subfield code="p">46032-10</subfield>
    <subfield code="r">2020-06-25</subfield>
    <subfield code="w">2020-06-25</subfield>
    <subfield code="y">LFPD</subfield>
    <subfield code="Z">No se presta</subfield>
  </datafield>
  <datafield tag="952" ind1=" " ind2=" ">
    <subfield code="0">0</subfield>
    <subfield code="1">0</subfield>
    <subfield code="7">1</subfield>
    <subfield code="8">PD</subfield>
    <subfield code="a">PD</subfield>
    <subfield code="b">PD</subfield>
    <subfield code="c">CT</subfield>
    <subfield code="d">2015-06-12</subfield>
    <subfield code="i">LF1</subfield>
    <subfield code="l">0</subfield>
    <subfield code="o">xxxx xxxx</subfield>
    <subfield code="p">46032-20</subfield>
    <subfield code="r">2020-06-25</subfield>
    <subfield code="t">e. 2</subfield>
    <subfield code="w">2020-06-25</subfield>
    <subfield code="y">LFPD</subfield>
    <subfield code="Z">No se presta</subfield>
  </datafield>
  <datafield tag="999" ind1=" " ind2=" ">
    <subfield code="c">45521</subfield>
    <subfield code="d">45521</subfield>
  </datafield>
</record>
